| 000 | 00859nam a2200265 a 4500 | ||
|---|---|---|---|
| 001 | 26214 | ||
| 003 | BD-RjUL | ||
| 005 | 20211209051003.0 | ||
| 008 | 140320s1969 ne 000 0 eng d | ||
| 035 | _a(BD-RjUL)26284 | ||
| 040 |
_aANL _beng _cANL _dABN-SNR _dBD-RjUL |
||
| 041 | _aeng | ||
| 082 | 0 | 4 |
_a947 _bWAR 1969 |
| 100 | 1 |
_aWallace, Robert, _d1919- _980593 |
|
| 245 | 1 | 0 |
_aRise of Russia / _cby Robert Wallace and the editors of Time-Life Books. |
| 260 |
_aAmsterdam : _bTime-Life International (Netherland), _cc1969 |
||
| 300 |
_a184 p. : _bill. ; _c24cm. |
||
| 490 | 0 | _aGreat ages of man : a history of the world's cultures | |
| 504 | _aBibliography: p. 178. and Index | ||
| 651 | 0 |
_aSoviet Union _xCivilization. _912012 |
|
| 651 | 0 |
_aSoviet Union _xHistory. _980594 |
|
| 710 | 2 |
_aTime-Life Books. _925000 |
|
| 942 |
_2ddc _cBK |
||
| 999 |
_c26214 _d26214 |
||